| 000 | 02309cam a22005174i 4500 | ||
|---|---|---|---|
| 003 | PE-LiUPU | ||
| 005 | 20250731173040.0 | ||
| 008 | 101207s2011 moua rb 001 0beng | ||
| 020 | _a0758626851 | ||
| 020 | _a9780758626851 | ||
| 035 | _a(Sirsi) i9780758626851 | ||
| 035 | _a(OCoLC)659756672 | ||
| 040 |
_aDLC _beng _cDLC _dBTCTA _dCDX _dYDXCP _dCVN _dLNT _dOCLCF _dGWDNB _dDEBBG _dCHVBK _dRCT _dOCLCQ _dOCLCO _dPE-LiUPU _erda |
||
| 049 | _aPRUA | ||
| 050 | 0 | 0 |
_aBR333.3 _b.P67 2011 |
| 082 | 0 | 4 |
_a284.1092 _bP79 _222 |
| 100 | 1 |
_aPosset, Franz, _eautor. |
|
| 245 | 1 | 4 |
_aThe real Luther : _ba friar at Erfurt and Wittenberg : exploring Luther's life with Melanchthon as guide / _cFranz Posset. |
| 264 | 1 |
_aSt. Louis, MO : _bConcordia Publishing House, _c2011. |
|
| 300 |
_axxii, 195 páginas : _bilustraciones ; _c23 centímetros |
||
| 336 |
_atext _2rdacontent |
||
| 337 |
_aunmediated _2rdamedia |
||
| 338 |
_avolume _2rdacarrier |
||
| 504 | _aBibliografía : páginas 177-190. | ||
| 504 | _aIndice : páginas 191-195. | ||
| 505 | 0 | _aToward the anniversary in 2017 -- Gearing up for the Luther year 2017 -- Philip Melanchthon's memoirs as guide -- In the context of the late medieval "Bernard Renaissance" -- Luther directed Melanchthon to Saint Bernard -- The young Melanchthon on Bernard -- Melanchthon in mid-career on Bernard (1531) -- Melanchthon's change of mind -- Melanchthon's memoirs : the preface to the second volume of Luther's works (1546) -- Appendix: The young Luther : chronology 1501-1517. | |
| 526 | _aSEG42 | ||
| 526 | _aSEG41 | ||
| 526 | _aSEG40 | ||
| 526 | _aSEG39 | ||
| 526 | _aP94 | ||
| 526 | _aP87 | ||
| 526 | _aP86 | ||
| 526 | _aP85 | ||
| 526 | _aP77 | ||
| 526 | _aP76 | ||
| 526 | _aP35 | ||
| 650 | 7 | _aLuther, Martin, 1483-1546 | |
| 910 |
_adbm _bncf _cncf _d20171219 |
||
| 942 |
_2ddc _cBOOK |
||
| 949 |
_a284.1092 P79 _wDEWEY _c1 _i77651 _lCATALOGING _mBUL _p31.50 _r0 _sY _tBOOK _u2017-12-19 _xPOSGRADO _PP85 _0COMPRA _o.STAFF. Colección Teología. |
||
| 994 |
_aC0 _bPEPRU |
||
| 596 | _a1 | ||
| 999 |
_a284.1092 P79 _wDEWEY _c26278 _i77651 _d26278 _f2021-11-11 _g4 _lCCODEBUL1 _mBUL _p31.50 _q3 _r0 _sY _tBOOK _u2017-12-19 _xTEOLOGIA _PP85 _0DONACION _o.STAFF. Colección Teología. |
||
| 980 |
_81 _gALBERTO SANCHEZ Responsable de Automatización |
||